000 00288nam a2200121Ia 4500
005 20251222114403.0
008 251222s1900||||xx |||||||||||||| ||spa||
082 _aDVD0070/A88/1998
100 _aBille August
245 0 _aLos Miserables:
264 _bMandalay Entertainment
942 _cDVD
999 _c1711
_d1711